Savills (Record no. 88068)

MARC details
000 -LEADER
fixed length control field 00611cam a2200229 4500
001 - CONTROL NUMBER
control field D9713
008 - FIXED-LENGTH DATA ELEMENTS--GENERAL INFORMATION
fixed length control field 071126s1977 xxka f 001 0ceng
035 ## - SYSTEM CONTROL NUMBER
System control number (Sirsi) u21814
041 ## - LANGUAGE CODE
Language code of text/sound track or separate title eng
050 04 - LIBRARY OF CONGRESS CALL NUMBER
Classification number 920 $2 18
100 1# - MAIN ENTRY--PERSONAL NAME
Personal name Watson, John
245 00 - TITLE STATEMENT
Title Savills
Remainder of title a family and a firm, 1652-1977
260 ## - PUBLICATION, DISTRIBUTION, ETC.
Place of publication, distribution, etc. London
Name of publisher, distributor, etc. Hutchinson Benham
Date of publication, distribution, etc. 1977
300 ## - PHYSICAL DESCRIPTION
Extent 172 p.
Other physical details ill.
Dimensions 24 cm.
350 ## - PRICE (NR) (BK AM CF MU VM SE) [OBSOLETE]
Price 4.5
520 ## - SUMMARY, ETC.
Summary, etc. A history of the firm of Savills.
610 24 - SUBJECT ADDED ENTRY--CORPORATE NAME
Corporate name or jurisdiction name as entry element Savills
9 (RLIN) 2020
651 #4 - SUBJECT ADDED ENTRY--GEOGRAPHIC NAME
Geographic name United Kingdom
Chronological subdivision
690 ## - LOCAL SUBJECT ADDED ENTRY--TOPICAL TERM (OCLC, RLIN)
Topical term or geographic name as entry element ABOUT RICS-RICS MEMBERS-CHARTERED SURVEYORS
942 ## - ADDED ENTRY ELEMENTS (KOHA)
Suppress in OPAC 0
948 ## - LOCAL PROCESSING INFORMATION (OCLC); SERIES PART DESIGNATOR (RLIN)
c (OCLC) 04/03/1997
Holdings
Withdrawn status Lost status Source of classification or shelving scheme Damaged status Not for loan Home library Current library Shelving location Date acquired Cost, normal purchase price Total Checkouts Full call number Barcode Date last seen Copy number Cost, replacement price Price effective from Koha item type
    Dewey Decimal Classification     London London Basement 14/09/1999 4.50   920 WAT 30002446 06/08/2019 1 4.50 06/08/2019 Reference material
    Dewey Decimal Classification     London London Reference copy 14/09/1999 4.50   920 WAT 30002447 06/08/2019 2 4.50 06/08/2019 Book